Megadeth Songs - Statistics

General Stats
  • This quiz has been taken 207 times
  • The average score is 52 of 183
Answer Stats
Album Song % Correct
Peace Sells... But Who's Buying? (1986) Peace Sells
91%
Rust In Peace (1990) Tornado of Souls
86%
Rust In Peace (1990) Holy Wars... The Punishment Due
81%
Rust In Peace (1990) Hangar 18
79%
Countdown to Extinction (1992) Symphony of Destruction
75%
Rust In Peace (1990) Rust In Peace... Polaris
73%
Killing Is My Business... And Business Is Good! (1985) Mechanix
71%
Youthanasia (1994) A Tout Le Monde
68%
United Abominations (2007) À tout le monde
68%
Countdown to Extinction (1992) Countdown to Extinction
67%
Dystopia (2016) Dystopia
64%
Countdown to Extinction (1992) Sweating Bullets
64%
Cryptic Writings (1997) Trust
64%
Rust In Peace (1990) Lucretia
63%
Rust In Peace (1990) Five Magics
62%
Killing Is My Business... And Business Is Good! (1985) Killing Is My Business... And Business Is Good!
62%
Rust In Peace (1990) Dawn Patrol
60%
Rust In Peace (1990) Take No Prisoners
60%
Youthanasia (1994) Youthanasia
59%
So Far, So Good... So What! (1988) In My Darkest Hour
57%
Cryptic Writings (1997) She-Wolf
56%
The Sick, the Dying... and the Dead! (2022) The Sick, the Dying... and the Dead!
56%
Peace Sells... But Who's Buying? (1986) Wake Up Dead
56%
Peace Sells... But Who's Buying? (1986) Good Mourning / Black Friday
53%
Rust In Peace (1990) Poison Was the Cure
52%
Killing Is My Business... And Business Is Good! (1985) Rattlehead
52%
Hidden Treasures (1995) Angry Again
51%
Countdown to Extinction (1992) Skin 'O My Teeth
50%
Peace Sells... But Who's Buying? (1986) The Conjuring
50%
Super Collider (2013) Super Collider
49%
Endgame (2009) Endgame
48%
Youthanasia (1994) Train of Consequences
48%
So Far, So Good... So What! (1988) Mary Jane
46%
Peace Sells... But Who's Buying? (1986) Devils Island
45%
So Far, So Good... So What! (1988) Hook In Mouth
45%
Th1rt3en (2011) 13
44%
Killing Is My Business... And Business Is Good! (1985) Last Rites / Loved to Death
44%
Hidden Treasures (1995) Paranoid
44%
So Far, So Good... So What! (1988) Anarchy In the UK
42%
The World Needs a Hero (2001) The World Needs a Hero
41%
Countdown to Extinction (1992) Architecture of Aggression
40%
Countdown to Extinction (1992) Foreclosure of a Dream
40%
Youthanasia (1994) Reckoning Day
40%
Killing Is My Business... And Business Is Good! (1985) These Boots
40%
United Abominations (2007) United Abominations
40%
So Far, So Good... So What! (1988) 502
37%
Peace Sells... But Who's Buying? (1986) Bad Omen
37%
Countdown to Extinction (1992) High Speed Dirt
37%
Countdown to Extinction (1992) Psychotron
37%
So Far, So Good... So What! (1988) Into the Lungs of Hell
36%
Peace Sells... But Who's Buying? (1986) My Last Words
36%
The World Needs a Hero (2001) Dread and the Fugitive Mind
35%
Peace Sells... But Who's Buying? (1986) I Ain't Superstitious
35%
So Far, So Good... So What! (1988) Liar
35%
So Far, So Good... So What! (1988) Set the World Afire
35%
Youthanasia (1994) Addicted to Chaos
34%
United Abominations (2007) Washington Is Next!
34%
The Sick, the Dying... and the Dead! (2022) We'll Be Back
34%
Countdown to Extinction (1992) Ashes In Your Mouth
33%
Killing Is My Business... And Business Is Good! (1985) Looking Down the Cross
33%
Youthanasia (1994) The Killing Road
32%
Youthanasia (1994) Elysian Fields
31%
Risk (1999) Prince of Darkness
31%
Youthanasia (1994) Victory
31%
Cryptic Writings (1997) Almost Honest
30%
Endgame (2009) Head Crusher
30%
Risk (1999) Crush 'Em
29%
The World Needs a Hero (2001) Return to Hangar
29%
Countdown to Extinction (1992) This Was My Life
29%
The Sick, the Dying... and the Dead! (2022) Dogs of Chernobyl
28%
Risk (1999) Breadline
27%
Cryptic Writings (1997) FFF
27%
The System Has Failed (2004) The Scorpion
27%
Super Collider (2013) Burn!
26%
Youthanasia (1994) Family Tree
26%
Hidden Treasures (1995) 99 Ways to Die
25%
Youthanasia (1994) Blood of Heroes
25%
Countdown to Extinction (1992) Captive Honour
25%
The System Has Failed (2004) Kick the Chair
25%
Hidden Treasures (1995) No More Mr. Nice Guy
25%
The World Needs a Hero (2001) Promises
25%
Th1rt3en (2011) Public Enemy No. 1
25%
Killing Is My Business... And Business Is Good! (1985) Skull Beneath the Skin
25%
The System Has Failed (2004) Back In the Day
24%
Killing Is My Business... And Business Is Good! (1985) Chosen Ones
24%
The Sick, the Dying... and the Dead! (2022) Night Stalkers
24%
United Abominations (2007) Sleepwalker
24%
Cryptic Writings (1997) Vortex
24%
Youthanasia (1994) Black Curtains
22%
The World Needs a Hero (2001) When
22%
Endgame (2009) 44 Minutes
21%
Cryptic Writings (1997) A Secret Place
21%
The System Has Failed (2004) Blackmail the Universe
21%
Hidden Treasures (1995) Go to Hell
21%
Risk (1999) Insomnia
21%
Super Collider (2013) Kingmaker
21%
The World Needs a Hero (2001) Moto Psycho
21%
The Sick, the Dying... and the Dead! (2022) Police Truck
21%
Cryptic Writings (1997) Sin
21%
Dystopia (2016) The Threat Is Real
21%
Hidden Treasures (1995) Diadems
20%
United Abominations (2007) Gears of War
20%
The Sick, the Dying... and the Dead! (2022) Soldier On!
20%
The Sick, the Dying... and the Dead! (2022) Mission to Mars
19%
Dystopia (2016) Post American World
19%
Risk (1999) Time: The End
19%
The System Has Failed (2004) Die Dead Enough
18%
Risk (1999) Time: The Beginning
18%
The World Needs a Hero (2001) 1000 Times Goodbye
17%
United Abominations (2007) Amerikhastan
17%
Hidden Treasures (1995) Breakpoint
17%
United Abominations (2007) Burnt Ice
17%
The World Needs a Hero (2001) Disconnect
17%
Risk (1999) Enter the Arena
17%
Cryptic Writings (1997) I'll Get Even
17%
Youthanasia (1994) I Thought I Knew It All
17%
The Sick, the Dying... and the Dead! (2022) Life In Hell
17%
United Abominations (2007) Never Walk Alone... A Call to Arms
17%
Dystopia (2016) Poisonous Shadows
17%
Hidden Treasures (1995) Problems
17%
Risk (1999) Seven
17%
Dystopia (2016) The Emperor
17%
Cryptic Writings (1997) Use the Man
17%
Dystopia (2016) Conquer or Die!
16%
The System Has Failed (2004) I Know Jack
16%
The System Has Failed (2004) Of Mice and Men
16%
The World Needs a Hero (2001) Burning Bridges
15%
Endgame (2009) Dialectic Chaos
15%
Dystopia (2016) Fatal Illusion
15%
Th1rt3en (2011) Sudden Death
15%
The System Has Failed (2004) Tears In a Vial
15%
Risk (1999) The Doctor Is Calling
15%
Risk (1999) Wanderlust
15%
Endgame (2009) 1,320'
14%
Cryptic Writings (1997) Have Cool, Will Travel
14%
The System Has Failed (2004) My Kingdom
14%
Cryptic Writings (1997) The Disintegrators
14%
The Sick, the Dying... and the Dead! (2022) This Planet's on Fire (Burn In Hell)
14%
Dystopia (2016) Bullet to the Brain
13%
The Sick, the Dying... and the Dead! (2022) Célebutante
13%
Dystopia (2016) Death From Within
13%
Dystopia (2016) Foreign Policy
13%
Th1rt3en (2011) Guns, Drugs, & Money
13%
The Sick, the Dying... and the Dead! (2022) Junkie
13%
The Sick, the Dying... and the Dead! (2022) Killing Time
13%
Dystopia (2016) Lying In State
13%
Cryptic Writings (1997) Mastermind
13%
Th1rt3en (2011) New World Order
13%
The World Needs a Hero (2001) Recipe for Hate... Warhorse
13%
The System Has Failed (2004) Something That I'm Not
13%
Endgame (2009) The Right to Go Insane
13%
Endgame (2009) This Day We Fight!
13%
Risk (1999) Ecstasy
12%
The System Has Failed (2004) Shadow of Deth
12%
Th1rt3en (2011) Black Swan
11%
Endgame (2009) Bodies
11%
The World Needs a Hero (2001) Losing My Senses
11%
Super Collider (2013) Cold Sweat
10%
Th1rt3en (2011) Deadly Nightshade
10%
The Sick, the Dying... and the Dead! (2022) Psychopathy
10%
The Sick, the Dying... and the Dead! (2022) Sacrifice
10%
The World Needs a Hero (2001) Silent Scorn
10%
Super Collider (2013) The Blackest Crow
10%
Endgame (2009) The Hardest Part of Letting Go... Sealed With a Kiss
10%
The System Has Failed (2004) Truth Be Told
10%
United Abominations (2007) You're Dead
10%
Super Collider (2013) Dance In the Rain
9%
Endgame (2009) How the Story Ends
9%
Risk (1999) I'll Be There
9%
United Abominations (2007) Play for Blood
9%
Endgame (2009) Bite the Hand
8%
Th1rt3en (2011) Millennium of the Blind
8%
Th1rt3en (2011) We the People
8%
Th1rt3en (2011) Whose Life (Is It Anyways?)
8%
Super Collider (2013) Built for War
7%
Super Collider (2013) Forget to Remember
7%
Th1rt3en (2011) Never Dead
7%
Th1rt3en (2011) Wrecker
7%
United Abominations (2007) Blessed Are the Dead
6%
Th1rt3en (2011) Fast Lane
6%
Super Collider (2013) Off the Edge
6%
Super Collider (2013) Beginning of Sorrow
5%
Super Collider (2013) Don't Turn Your Back...
4%
No matching quizzes found
Score Distribution
Percent of People with Each Score
Percentile by Number Answered
Your Score History
You have not taken this quiz